Dravid aur dravid sthan: (Record no. 226386)

MARC details
000 -LEADER
fixed length control field 00760nam a22002177a 4500
005 - DATE AND TIME OF LATEST TRANSACTION
control field 20250203101731.0
008 - FIXED-LENGTH DATA ELEMENTS--GENERAL INFORMATION
fixed length control field 230119b ||||| |||| 00| 0 eng d
040 ## - CATALOGING SOURCE
Transcribing agency AL
041 ## - LANGUAGE CODE
Language code of text/sound track or separate title hin
082 ## - DEWEY DECIMAL CLASSIFICATION NUMBER
Edition number 23
Classification number H891.8
Item number SAGD
100 ## - MAIN ENTRY--PERSONAL NAME
Personal name S L Sagar
100 ## - MAIN ENTRY--PERSONAL NAME
9 (RLIN) 197087
100 ## - MAIN ENTRY--PERSONAL NAME
9 (RLIN) 69481
Dates associated with a name : एस एल सागर
245 ## - TITLE STATEMENT
Title Dravid aur dravid sthan:
Remainder of title द्रविड़ और द्रविड़ स्थान
260 ## - PUBLICATION, DISTRIBUTION, ETC.
Place of publication, distribution, etc. Mainpuri
Name of publisher, distributor, etc. Sagar Prakashan
Date of publication, distribution, etc. 1994
300 ## - PHYSICAL DESCRIPTION
Extent 111p.
Other physical details PB
Dimensions 21x13cm
365 ## - TRADE PRICE
Source of price type code Hindi
650 ## - SUBJECT ADDED ENTRY--TOPICAL TERM
Topical term or geographic name entry element Hindi Miscellaneous: हिंदी विविद
9 (RLIN) 69478
650 ## - SUBJECT ADDED ENTRY--TOPICAL TERM
Topical term or geographic name entry element Hindi Literature: हिंदी साहित्य
9 (RLIN) 69479
700 ## - ADDED ENTRY--PERSONAL NAME
Personal name SAGAR (S L): सागर (एस एल)
9 (RLIN) 69480
942 ## - ADDED ENTRY ELEMENTS (KOHA)
Source of classification or shelving scheme Dewey Decimal Classification
Koha item type Donated Books
Holdings
Withdrawn status Lost status Source of classification or shelving scheme Damaged status Not for loan Collection code Home library Current library Date acquired Total Checkouts Full call number Barcode Date last seen Price effective from Koha item type Public note
    Dewey Decimal Classification     Hindi St Aloysius Library St Aloysius Library 12/11/2014   H891.8 SAGD D05579 01/19/2023 01/19/2023 Donated Books Donated by V. T. Rajshekar